[Event "Alberta op"]
[Site "Edmonton"]
[Date "2001.10.07"]
[Round "4"]
[White "Milne, Arthur"]
[Black "Duval, Kirk"]
[Result "1-0"]
[WhiteElo "1928"]
[BlackElo "1999"]
[PlyCount "59"]
[EventDate "2001.10.06"]
[EventType "swiss"]
[EventRounds "6"]
[EventCountry "CAN"]
[SourceTitle "EXT 2017"]
[Source "ChessBase"]
[SourceDate "2016.10.25"]
[SourceVersion "1"]
[SourceVersionDate "2016.10.25"]
[SourceQuality "1"]

1. g3 Nf6 2. Bg2 g6 3. c4 Bg7 4. Nc3 c5 5. e4 Nc6 6. Nge2 d6 7. d3 h5 8. h3 Bd7 9. Bg5 Nh7 10. Be3 Nf8 11. d4 cxd4 12. Nxd4 Ne6 13. Nxc6 bxc6 14. Qd2 Qa5 15. Rc1 Rb8 16. b3 c5 17. 0-0 Nd4 18. f4 Qc7 19. Nd5 Qc8 20. Kh2 e6 21. Nc3 0-0 22. f5 exf5 23. Nd5 Qd8 24. Bg5 f6 25. Bf4 Be6 26. exf5 Nxf5 27. Rce1 Qd7 28. Nc3 Rbd8 29. Rxe6 g5 30. Qd5 1-0